[Event "?"]
[Site "?"]
[Date "2007.02.25"]
[Round "?"]
[White "GM_Ivanchuk"]
[Black "GM_Aronian"]
[Result "1-0"]
[WhiteElo "2750"]
[BlackElo "2744"]
[Annotator "de Dovitiis Alejo"]
[PlyCount "97"]
[EventDate "2007.??.??"]

1. d4 Nf6 2. c4 e6 3. Nf3 d5 4. Nc3 Bb4 5. Bg5 Nbd7 6. cxd5 exd5 7. Qc2 c5 {
La aguda variante Manhattan} 8. a3 {Las blancas no quieren problemas} (8. e3
Qa5 9. Bd3 c4 $13) 8... Bxc3+ 9. Qxc3 h6 (9... c4 10. Nd2 (10. Qe3+ Qe7 11.
Qxe7+ Kxe7 12. Nd2 h6 13. Bh4 b5 14. e4 g5 15. Bg3 $13) 10... O-O 11. e3 h6 12.
Bf4 b5 13. a4 bxa4 14. Rxa4 Nb6 $132) 10. Bxf6 Qxf6 11. e3 O-O 12. Be2 b6 {
Las negras optan, al parecer, por jugar con peones colgantes.} (12... c4 13. b3
$1 cxb3 14. Qxb3 Qd6 15. Qb4 Qb8 (15... Qxb4+ 16. axb4 {
El negro se hallaria muy presionado en el ala dama.}) 16. O-O Nf6 17. Rfc1 Bg4
18. Rab1) 13. O-O Bb7 (13... a6 14. Rac1 c4 15. Ne5 b5 16. f4 Qd6 17. Bf3 Bb7
18. g4 Rfe8 19. Rce1 Nf8 20. g5 $16 {Yakovich,Y-Sargissian,G/Moscow 2007}) 14.
Rfc1 $146 {Una movida novedosa pero logica} (14. b3 Rfc8 (14... Qe7 15. Rfc1
Nf6 16. dxc5 Ne4 17. Qe5 Qxe5 18. Nxe5 Nxc5 19. Bd1 Ne6 20. Bf3 Rac8 21. b4
Rfd8 22. h4 Ba8 23. Bh5 g6 24. Bg4 f5 25. Rxc8 Rxc8 26. Nxg6 {
1-0 Kizov,A-Savic,M/Obrenovac 2004}) 15. Rfc1 Qe7 16. Qb2 Rc7 17. dxc5 bxc5 18.
b4 c4 19. Nd4 g6 20. Nb5 Rcc8 21. Nc3 a5 22. Rd1 axb4 23. axb4 Nf6 24. Bf3 Rxa1
25. Rxa1 d4 26. exd4 Bxf3 27. gxf3 Nh5 28. Qd2 Qxb4 {
1/2-1/2 Antic,D-Cabrilo,G/Novi Sad 2000}) 14... Rac8 15. dxc5 Qxc3 16. Rxc3
Rxc5 $6 {?Por que no 16...c5? Las negras tienen una idea que sera
brillantemente refutada} 17. Rcc1 $1 {Un toque de genialidad} (17. Rac1 Rfc8
$11) 17... Rfc8 18. Rd1 {Las blancas ceden temporalmente la columna c} 18...
Rc2 19. Bb5 Nf8 20. Rab1 R2c7 $6 (20... R2c5) 21. Ba4 Ne6 22. Bb3 Kf8 23. h3
Rc5 24. Kh2 Ke7 25. Rd2 {Las blancas se refuerzan sin prisa} 25... Rb5 26. Ba2
Rbc5 27. Ne1 $1 a5 {Ahora se ha dejado endeble b6.} 28. Rbd1 Rd8 29. Kg3 Rb5
30. f3 Rc8 31. Nd3 d4 $2 {Desesperacion en posicion muy inferior} (31... a4 $5)
32. Bxe6 Kxe6 (32... dxe3 33. Bxc8 exd2 34. Bxb7 $18) 33. Nf4+ Ke7 $8 (33...
Kf6 34. Rxd4 Rxb2 35. Rd7 Bc6 36. R1d6+ Ke5 37. Nd3+ Kf5 38. Rxf7+ Kg5 39. h4+
Kh5 40. Nf4#) 34. Rxd4 Rc7 (34... Rxb2 35. Rd7+ Kf8 36. Rxb7 $18) 35. R1d2 Rbc5
36. e4 {Anula al alfil por completo} 36... Rc4 37. Rd6 R4c6 38. e5 $1 (38. Nd5+
$4 Kxd6) 38... Rc2 39. Rxc2 Rxc2 40. Rxb6 $18 {
Este era el momento propicio para rendirse.} 40... Bc6 41. b4 g5 42. Nh5 axb4
43. axb4 Bd5 44. Ng7 Re2 45. Nf5+ Ke8 46. Nxh6 Be6 (46... Rxe5 47. Rb5 {
y la clavada condena a las negras}) 47. Rb5 Rb2 48. Rb8+ Kd7 49. Rg8 {
Una nueva victoria de Ivanchuk sobre Aronian, haciendo prevalecer la tecnica
por sobre la tactica.} 1-0

[Event "XXIV SuperGM"]
[Site "Morelia/Linares MEX/ESP"]
[Date "2007.02.18"]
[Round "2"]
[White "Aronian, L."]
[Black "Carlsen, M."]
[Result "1/2-1/2"]
[WhiteElo "2744"]
[BlackElo "2690"]
[Annotator "de Dovitiis Alejo"]
[PlyCount "62"]
[EventDate "2007.02.17"]

{Vamos a ver una partida de apariencia tranquila donde ambos contendientes no
pueden esconder sus estilos ultra dinamicos.} 1. d4 Nf6 2. c4 e6 3. g3 d5 4.
Nf3 {
La apertura Catalana, especialidad de Korchnoi y de Kasparov en otros tiempos.}
4... dxc4 (4... Be7 5. Bg2 O-O 6. O-O dxc4 {
es otra version, quizas menos arriesgada que la textual.}) 5. Bg2 a6 6. O-O Nc6
7. e3 {A las blancas les preocupa mas armar pronto juego en el centro que
recuperar el peon.} 7... Bd7 8. Qe2 b5 9. Rd1 Be7 (9... Bd6 10. e4 Be7 11. d5
exd5 12. exd5 Nb4 13. Ne5 O-O 14. a3 Nd3 15. Nxd3 Bg4 16. Bf3 Bxf3 17. Qxf3
cxd3 18. Nc3 Nd7 19. Bf4 Bd6 20. Rxd3 Re8 21. Rd2 Ne5 22. Bxe5 Rxe5 23. Ne4 Qe7
24. Nxd6 $14 {Rustemov,A-Potkin,V/Moscow 2006}) 10. Nc3 O-O $5 $146 {
!Carlsen no teme a clavadas ni a nada!} (10... Nd5 11. a4 (11. e4 Nxc3 12. bxc3
Na5 13. Ne5 O-O 14. Nxd7 Qxd7 15. Bf4 $44 {Le Duigou,J-Pech,J/IECC email 2001})
11... O-O 12. axb5 Nxc3 13. bxc3 axb5 14. Rxa8 Qxa8 15. d5 exd5 16. Rxd5 Qe8
17. Qd1 Nb8 18. Nd4 c6 19. Re5 Qd8 20. Qh5 g6 21. Qh6 Re8 22. h4 Bf8 23. Rxe8
Bxe8 24. Qf4 c5 25. Nf3 $17 {Beliavsky,A-Akopian,V/Pula 1997.}) 11. Ne5 Qe8 $8
(11... Nxe5 12. dxe5 Nd5 13. Nxd5 $16) 12. b3 $1 {
El GM armenio echa lena al fuego, cual su costumbre.} 12... Nd5 (12... cxb3 13.
axb3 Bd6 14. Bb2 $13) 13. Bxd5 (13. Nxd5 {era buena tambien.}) 13... exd5 14.
Nxd5 Nxe5 15. dxe5 (15. Nxc7 $2 Bg4 $1) 15... Ra7 16. bxc4 c6 17. Nf4 Qc8 {
Para tomar las casillas blancas.} 18. Bb2 {Considero que las blancas se hallan
mejor, aunque queda toda una batalla por delante, sin embargo a partir de aqui
ambos rivales hacen gala de su creatividad y temeridad.} 18... g5 $5 {
Interesante por el efecto logrado, a mi modesto entender dudosa porque
debilita seriamente su enroque.} (18... Re8 {era la opcion "normal"}) 19. e4 $5
{!Levon no se queda a la zaga! Disponiendo de:} (19. Ng2 Bg4 20. f3 Be6 21.
cxb5 axb5 $44 {Se suma a una posicion loca, con chances para ambos bandos.})
19... gxf4 20. gxf4 {Psicologicamente ahora el blanco tiene la iniciativa y al
nordico le quedaba menos de media hora para arribar al control de la jugada 40.
} 20... f5 (20... Bg4 21. f3 Bh5 $5) 21. Qe3 (21. exf6 $2 Bxf6 22. f5 Be8 {
y la de torre de a7 acude a la ayuda de su rey.}) 21... Rb7 22. Qg3+ Kf7 $8 (
22... Kh8 $2 23. e6+) 23. Qh3 Ke8 24. Qh5+ Rf7 25. Kh1 {
Para habilitar el paso a las torres.} 25... fxe4 26. Rg1 Bf5 27. Rad1 {
Corta la huida del monarca negro.} 27... Rd7 $2 (27... Bf8 28. Rg8 Bg6 {
parecia lo indicado para buscar la victoria, pero ya Carlsen no contaba casi
con tiempo para pensar.}) 28. e6 $1 {Una bonita secuencia para lograr el
empate en medio de esta marana de variantes.} 28... Bxe6 29. Rg8+ Bf8 30. Rxf8+
$1 {La clave.} 30... Kxf8 31. Qh6+ Ke7 (31... Ke7 32. Qg5+ Ke8 33. Qg8+ Ke7 $11
(33... Rf8 34. Qxe6+ Kd8 35. Bf6+ {es favorable al blanco. Un juego
emocionante generado por estos dos grandes talentos, animadores de este
Morelia - Linares 2007.})) 1/2-1/2

[Event "GM"]
[Site "Biel SUI"]
[Date "2007.08.02"]
[Round "9"]
[White "Motylev, A."]
[Black "Onischuk, Al"]
[Result "1/2-1/2"]
[WhiteElo "2648"]
[BlackElo "2650"]
[Annotator "de Dovitiis Alejo"]
[PlyCount "61"]
[EventDate "2007.07.23"]
[Source "Mark Crowther"]
[SourceDate "2007.08.06"]

1. e4 e5 2. Nf3 Nc6 3. Bb5 a6 4. Ba4 Nf6 5. O-O Be7 6. Re1 b5 7. Bb3 O-O 8. c3
d5 9. exd5 Nxd5 10. Nxe5 Nxe5 11. Rxe5 c6 12. d4 Bd6 13. Re1 Qh4 14. g3 Qh3 15.
Re4 g5 16. Qf1 Qxf1+ 17. Kxf1 Bf5 18. Nd2 h6 19. Re1 Rae8 20. Nf3 g4 21. Ng1 {
A solid move, instead of} (21. Bxh6 gxf3 22. Bxf8 Rxf8 23. Bd1 Bg4 24. a4 Rd8
25. axb5 axb5 26. Kg1 Kg7 27. h3 Bxh3 28. Bxf3 Be6 $11 {
Bacrot - Anand, Chess Classic Rapid 2007.}) 21... Bd3+ 22. Ne2 Re6 23. Bxd5 {
Black knight is a powefull piece.} 23... cxd5 24. Be3 Rfe8 $44 25. Red1 Be4 26.
Nc1 h5 27. Nd3 Bf3 28. Re1 h4 29. Bf4 (29. Nc5 $5) 29... Be4 30. Ne5 (30. Nc5
$4 Bxc5 31. dxc5 Bd3+ $19) 30... Bf5 31. f3 1/2-1/2

[Event "Czech Coal"]
[Site "Carlsbad CZE"]
[Date "2007.09.15"]
[Round "7"]
[White "Shirov, A."]
[Black "Akopian, Vl"]
[Result "1-0"]
[WhiteElo "2735"]
[BlackElo "2708"]
[Annotator "de Dovitiis Alejo"]
[PlyCount "81"]
[EventDate "2007.09.08"]
[Source "Mark Crowther"]
[SourceDate "2007.09.10"]

1. e4 e5 2. Nf3 Nc6 3. Bb5 a6 4. Ba4 Nf6 5. O-O Be7 6. Re1 b5 7. Bb3 O-O 8. c3
d5 9. exd5 Nxd5 10. Nxe5 Nxe5 11. Rxe5 c6 12. d4 Bd6 13. Re1 Qh4 14. g3 Qh3 15.
Re4 g5 16. Qf1 Qh5 17. Nd2 f5 18. Bd1 Qh6 $5 (18... Qg6) 19. Re1 f4 20. Ne4 Bc7
{Better than} (20... fxg3) 21. Bd2 Bf5 22. Nc5 Rf7 23. Qe2 {
White business: to change queens.} 23... Raf8 24. Qh5 Qf6 25. g4 Bg6 26. Qh3
Re7 27. Rxe7 Qxe7 28. Bf3 Re8 29. Qf1 {White gets close the position.} 29...
Ne3 $6 30. fxe3 fxe3 31. Be1 Rf8 32. Qe2 Bf7 33. Qg2 Bc4 34. b3 Rxf3 {
Black are lost.} 35. Qxf3 Bd5 36. Qf5 e2 37. Qc8+ Bd8 38. Bf2 Qf6 39. Qf5 Qh6
40. Re1 Qh3 41. Ne4 1-0

[Event "25 Abierto de Playa Unión"]
[Site "?"]
[Date "2007.??.??"]
[Round "?"]
[White "Sabas, Jorge"]
[Black "de Dovitiis, Alejo"]
[Result "1/2-1/2"]
[WhiteElo "2320"]
[BlackElo "2356"]
[Annotator "de Dovitiis Alejo"]
[PlyCount "76"]
[EventDate "2006.12.15"]

{Una partida decisiva: mi rival, a la postre ganador del torneo, llevaba 4,5 y
yo lo secundaba a medio punto.} 1. d4 Nf6 2. c4 g6 3. Nc3 Bg7 4. e4 d6 5. Nf3
O-O 6. Be2 e5 7. O-O exd4 $5 {
Una movida dinamica que liquida la tension central.} (7... Nc6 8. d5 Ne7) (7...
Nbd7 8. Re1 c6 {Son los lineamientos principales.}) 8. Nxd4 Re8 9. f3 Nc6 10.
Be3 Nh5 {Un jugada extrana con un truco tactico escondido.} 11. Nxc6 (11. Qd2
Nf4 12. Rfe1 Bxd4 13. Bxd4 Qg5 {0-1 Pacheco - Bachman, Turin (ol) 2006.}) 11...
bxc6 12. Qd2 f5 13. f4 $5 $146 (13. Rad1 Qe7 14. Bg5 (14. Rfe1 f4 (14... Be5
15. Bg5 Qf7 16. exf5 gxf5 17. f4 Bg7 18. Nd5 cxd5 19. Bxh5 Qxh5 20. Qxd5+ Be6
21. Rxe6 Rxe6 22. Qxe6+ Qf7 23. Qxf7+ Kxf7 24. b3 $18 {
Sturua,Z-Tzermiadianos,A/Panormo 1998}) 15. Bf2 Qg5 16. g4 Re5 17. Kh1 Nf6 18.
Rg1 $14 {Sales,J-Son,A/Kuala Lumpur 2005}) 14... Qf7 15. exf5 {
1/2-1/2 Bareev,E-Bologan,V/Tomsk 2001}) (13. Rfe1 f4 14. Bf2 c5 15. Rad1 Be6
16. Nd5 Be5 $13 {1/2-1/2 Jordan,R-Heinrich,M/Germany 1999}) (13. exf5 Bxf5 14.
Bd4 (14. g4 Bxc3 15. Qxc3 Qe7 16. Bd2 Qxe2 17. gxf5 Qe5 $11) 14... Nf6 15. Rfe1
c5 16. Bf2 Qd7) 13... Nf6 14. e5 (14. exf5 Bxf5 {
Las negras se encuentran muy comodas.}) 14... dxe5 (14... Ng4 15. Bxg4 fxg4 16.
Rad1) 15. Qxd8 Rxd8 16. fxe5 Ng4 17. Bg5 Rd4 18. Bxg4 Rxg4 19. Bf4 $1 {/\ h3.}
19... g5 20. Bd2 h6 (20... Rxc4 21. Bxg5 Bxe5 22. Rae1) 21. Rae1 Be6 22. b3 Rd4
23. Be3 Rd3 24. Na4 f4 (24... Re8 25. Bxa7) 25. Bxf4 $5 gxf4 26. Nc5 Re3 (26...
Bf5 27. Rxf4 Bh7 28. Nxd3 Bxd3 {
Parece peligroso para las negras por el peon "e" libre.}) 27. Nxe6 Bxe5 28.
Rxe3 fxe3 29. Rf5 $1 {Una jugada precisa.} (29. Re1 $4 Re8 $1 30. Nc5 Bd4 31.
Nd3 e2+ 32. Kh1 Bc3 {Gana.} (32... Rf8 $2 33. g3 Rf1+ 34. Kg2 Rxe1 35. Nxe1 Bc3
36. Kf2)) 29... Bc3 30. Kf1 {Hay que bloquear al peon negro.} 30... Re8 31. Nf4
Rd8 32. Ke2 Rd2+ (32... Bd2 $2 {Dejaria al negro esclavizado.}) 33. Kxe3 Rxa2
34. Ne2 Bb4 35. Rf3 {Las blancas se ponen solidas.} 35... Rb2 36. Kf2 Bc5+ 37.
Ke1 Bb4+ 38. Kf2 Bc5+ {El empate es logico ya que ambos contabamos con un
minuto en el reloj en una situacion igualada.} 1/2-1/2

[Event "Wolrd Cup"]
[Site "?"]
[Date "2007.12.04"]
[Round "?"]
[White "GM_Nisipeanu"]
[Black "GM_Karjakin"]
[Result "0-1"]
[WhiteElo "2668"]
[BlackElo "2694"]
[Annotator "de Dovitiis"]
[PlyCount "74"]
[EventDate "2007.??.??"]

1. e4 c5 2. Nf3 d6 3. d4 cxd4 4. Nxd4 Nf6 5. Nc3 a6 6. Be3 e5 7. Nb3 Be6 8. Qd2
Nbd7 9. O-O-O ({RR} 9. f4 Qc7 10. f5 Bc4 11. Bxc4 Qxc4 12. Qe2 Rc8 13. Qxc4
Rxc4 14. Na5 Rc7 15. O-O-O b6 16. Nb3 Be7 17. Rhe1 g6 18. Rf1 Rxc3 19. bxc3
Nxe4 20. Kb2 O-O 21. Nd2 Nxd2 22. Rxd2 Rc8 23. g4 Nf6 {
Timman,J-Portisch,L/Hilversum 1984/MCD/1-0 (57)}) ({RR} 9. f3 Be7 10. g4 O-O
11. g5 Nh5 12. O-O-O Rc8 13. Rg1 Nb6 14. Kb1 Qc7 15. Qf2 Nc4 16. Bxc4 Qxc4 17.
f4 Nxf4 18. Bxf4 exf4 19. Nd4 Rfd8 20. Qxf4 d5 21. e5 b5 22. h4 b4 23. Nce2 a5
24. h5 Rf8 25. Qd2 Qc7 26. Nf4 Qd7 27. g6 Bc5 28. gxf7+ {
1-0 Paneque,P-Minaya Molano,J/Bogota 1990/EXT 97 (28)}) 9... b5 10. f4 $146 ({
RR} 10. f3 Be7 ({RR} 10... Nb6 11. Qf2 ({RR} 11. Kb1 b4 12. Bxb6 Qxb6 13. Nd5
Bxd5 14. exd5 g6 15. g4 Bg7 16. h4 O-O 17. h5 Rfe8 18. hxg6 hxg6 19. Rh4 a5 20.
g5 Nh5 21. Bd3 Rab8 22. Nc1 a4 23. Be4 Rec8 24. Ne2 a3 25. b3 Qf2 {
Campora,D-Gruenenwald,J/Mendrisio 1988/EXT 97/1/2-1/2 (47)}) 11... Nc4 12. Bxc4
bxc4 13. Nc5 Qc7 14. N5a4 Rb8 15. Kb1 Be7 16. h4 O-O 17. Bg5 Qc6 18. a3 Rfd8
19. Qg3 Rd7 20. Rd2 Nh5 21. Qf2 f6 22. Be3 Bd8 23. Ka1 Ba5 24. g4 Nf4 25. Bxf4
{Zaichik,G-Kuczynski,R/Polanica Zdroj 1989/EXT 97/1-0 (43)}) 11. g4 O-O 12. h4
Nb6 13. h5 b4 14. Ne2 Nc4 15. Qd3 Nxe3 16. Qxe3 Nxg4 17. Qg1 Bg5+ 18. Kb1 Ne3
19. Rd3 Nxf1 20. Qxf1 Bc4 21. Rd1 Rc8 22. Qg2 h6 23. Ng3 Rc6 24. Nf5 Qc7 {
Spyra,W-Licina,Z/Novi Sad 1989/EXT 2000/0-1 (38)}) 10... Be7 11. Kb1 O-O 12. f5
Bc4 13. g4 Nxg4 14. Rg1 Nxe3 15. Qxe3 Bxb3 16. Qh6 Bxc2+ 17. Kxc2 Bf6 18. Rxd6
Kh8 19. Qd2 Ra7 20. Kb1 Qc7 21. Rd3 Nb6 22. Nd5 Nxd5 23. Rxd5 Rd8 24. Be2 Rxd5
25. Qxd5 g6 26. Rc1 Qe7 27. Qc5 Kg7 28. Qxe7 Bxe7 29. Rc6 Kh6 30. a4 bxa4 31.
Rxa6 Rxa6 32. Bxa6 Kg5 33. fxg6 fxg6 34. Kc2 Kh4 35. Bc8 g5 36. Kd3 g4 37. Kc4
Kh3 {Black wins} 0-1

[Event "LNA - Villa Martelli"]
[Site "Villa Martelli"]
[Date "2007.09.22"]
[Round "7.7"]
[White "Flores, Diego"]
[Black "Mareco, Sandro"]
[Result "1-0"]
[WhiteElo "2560"]
[BlackElo "2356"]
[Annotator "de Dovitis Alejo"]
[PlyCount "71"]
[EventDate "2007.08.11"]

1. c4 Nf6 2. Nc3 e5 3. Nf3 Nc6 4. e3 Bb4 5. Nd5 (5. Qc2 Bxc3 6. Qxc3 Qe7 7. a3
O-O 8. d3 d5 9. cxd5 Nxd5 10. Qc2 a5 11. Be2 Nb6 12. b3 Be6 13. Bb2 f6 14. Rc1
$14 {Vilela,J-Ambroz,J/Prague 1980.}) 5... Bd6 $5 (5... Be7 6. d3 O-O 7. Be2 d6
8. Nxe7+ Qxe7 9. O-O Bg4 10. b3 Rad8 11. Bb2 Bc8 12. a3 a5 13. Qc2 Ng4 14. d4
f5 $132 {Stean,M-Lein,A/Sao Paulo 1979.}) (5... e4 6. Nxb4 (6. Ng1 $5) 6...
exf3 (6... Nxb4 7. Nd4 c5 8. Nb5 d5) 7. Nxc6 fxg2 8. Bxg2 dxc6 9. Qc2 O-O 10.
d4 Ng4 11. h3 Nh6 12. Bd2 Qh4 13. Bc3 Bf5 $11 {
Van den Hoek,A-Euwe,M/The Hague 1942.}) 6. a3 e4 7. Ng1 $1 {/\ Ne2, Ng3.} 7...
O-O 8. Qc2 Re8 9. Ne2 Ng4 10. Ng3 Bxg3 11. hxg3 d6 12. b4 $14 Bf5 $5 (12... f5
$5) 13. f3 Nge5 14. fxe4 Bg6 15. d3 f5 16. b5 fxe4 17. dxe4 (17. bxc6 exd3 18.
Qc3 bxc6 19. Nf4 Qg5 $13) 17... Nb8 18. c5 $6 (18. Bb2 Nbd7 $44) 18... Nbd7 19.
Bb2 Nxc5 20. Bc4 Nxc4 21. Qxc4 Bf7 (21... Rxe4 $4 22. Nf6+) 22. O-O Rxe4 {
Diagrama #} (22... Qd7 $142) 23. Rxf7 $1 Kxf7 (23... Rxc4 24. Rxg7+ Kf8 25.
Rf1+ Ke8 26. Nf6+) 24. Rf1+ Ke8 (24... Kg6 25. Nf4+ Kh6 26. Qf7 g6 27. Bg7+ Kg5
28. Nh3+ Kh5 29. Qf3+ Rg4 30. Nf4+ Kg5 31. Qd5#) (24... Ke6 25. Nxc7+ Kd7 26.
Rf7+ {24...Ke8.}) 25. Nxc7+ Kd7 26. Rf7+ Kc8 (26... Re7 27. Rxe7+ Kxe7 28. Qg4
g6 29. Qh4+ Kd7 30. Qxh7+ $18) 27. Qd5 Qxc7 (27... Re7 28. Nxa8 Rxf7 29. Qxf7
Kb8 30. Nc7 Qxc7 31. Qf8+ Qc8 32. Qxd6+ Ka8 33. Bxg7 $18) 28. Rf8+ $1 (28.
Rxc7+ Kxc7 29. Bd4 Rae8 $11) 28... Kd7 29. Qf5+ Re6 30. Rxa8 g6 31. Qf8 Ne4 32.
Kh2 d5 33. Qf7+ Kd6 34. Qg8 $18 Qe7 35. Bd4 g5 36. Rxa7 1-0

[Event "2nd ITT"]
[Site "Villa Martelli ARG"]
[Date "2007.09.29"]
[Round "9"]
[White "Della Morte, German"]
[Black "Fernandez, Dani"]
[Result "1-0"]
[WhiteElo "2345"]
[BlackElo "2447"]
[Annotator "de Dovitiis Alejo"]
[PlyCount "45"]
[EventDate "2007.09.22"]
[Source "Mark Crowther"]
[SourceDate "2007.10.15"]

1. e4 d5 2. exd5 Qxd5 3. Nc3 Qa5 4. d4 c6 5. Nf3 Nf6 6. Bc4 Bf5 7. Bd2 e6 8.
Nd5 (8. Qe2 Bb4 9. O-O-O Nd5 10. Ne4 Bxe4 11. Qxe4 Nd7 12. Kb1 N7f6 13. Qe2
Bxd2 $11 {Prien,T-Kuehn,S/Germany 1994.}) (8. Ne4 Qc7 9. Ng3 $5) 8... Qd8 9.
Nxf6+ gxf6 (9... Qxf6 10. Qe2 Nd7 11. O-O-O $14) 10. c3 Nd7 (10... Qc7 11. Nh4
Bg6 12. Qf3 Nd7 13. Bf4 Bd6 14. Bxd6 Qxd6 15. Qg3 Qxg3 16. hxg3 $14 {
Van der Wiel,J-Hansen,C/Ter Apel 1993}) 11. Nh4 Bg6 12. Qf3 Be7 (12... Qc7 $142
) 13. Qh3 $1 Be4 (13... Nf8) 14. f3 Bd5 15. Be2 f5 16. g3 Bxh4 17. gxh4 c5 $2 (
17... e5 $5) 18. c4 Bc6 {Diagrama #} 19. d5 $1 exd5 20. cxd5 Bxd5 21. Bc3 Rg8
22. O-O-O Bc6 23. Bc4 $1 (23. Bc4 Qc7 24. Bxf7+ Kxf7 25. Qxf5+ Ke8 26. Rhg1
Rxg1 27. Qe6+ Kf8 28. Rxg1 Qf4+ 29. Bd2 Qf7 30. Bh6+) 1-0

[Event "LNA - Copa Puma 2007"]
[Site "Villa Martelli"]
[Date "2007.08.25"]
[Round "3.3"]
[White "Lafuente, Pablo"]
[Black "Liascovich, Lucas"]
[Result "1-0"]
[WhiteElo "2454"]
[BlackElo "2430"]
[Annotator "de Dovitiis Alejo"]
[PlyCount "77"]
[EventDate "2007.08.11"]

1. d4 d6 2. c4 e5 3. Nf3 e4 4. Ng5 Nf6 (4... f5 5. Nc3 c6 6. g3 Be7 7. Nh3 Nf6
8. Bg2 O-O $11) 5. Nc3 Bf5 6. g4 Bxg4 7. Bg2 Be7 8. Ngxe4 c6 (8... Nxe4 9. Nxe4
Nc6 10. Ng3 Bf6 11. Be3 O-O 12. Qd2 Re8 $13) 9. Qb3 $1 Qb6 (9... Qd7) 10. Nxf6+
Bxf6 11. Ne4 Qxb3 (11... Be7 12. Bf4) (11... Qxd4 $4 12. Qxb7) 12. Nxf6+ Ke7
13. axb3 Kxf6 14. Ra5 $1 h6 (14... b6 15. Ra1 $1 {x Nb8.}) 15. Bf4 Rd8 16. Kd2
b6 (16... Na6 17. Bxc6) 17. Ra3 a6 18. b4 Ra7 19. e4 $16 g5 $2 (19... Ke7 20.
Rg3) (19... Be6) 20. Bxd6 Rxd6 21. e5+ Ke7 22. exd6+ Kxd6 23. Bh3 $18 Be6 24.
Bxe6 fxe6 25. Rf3 Nd7 26. Re1 a5 27. c5+ $1 Kd5 (27... bxc5 28. bxc5+ Ke7 (
28... Kd5 29. Rf7) 29. Rh3) 28. Rf7 bxc5 29. bxc5 e5 30. dxe5 Ke6 31. Rh7 Rb7
32. Kc3 Nxc5 33. Rxh6+ Kf5 34. f3 Na4+ 35. Kc2 Rxb2+ 36. Kc1 g4 $8 37. Rf6+ Kg5
38. f4+ Kh5 39. e6 1-0

[Event "LNA - Copa Puma 2007"]
[Site "Villa Martelli"]
[Date "2007.09.15"]
[Round "6.12"]
[White "Calderon Fernandez, Gervasio"]
[Black "Shcherbine, Andrei"]
[Result "0-1"]
[WhiteElo "2267"]
[BlackElo "2213"]
[Annotator "de Dovitiis Alejo"]
[PlyCount "106"]
[EventDate "2007.08.11"]

1. Nf3 d5 2. b3 c5 3. Bb2 Nc6 4. e3 Bg4 5. h3 (5. Be2 Qc7 6. d4 cxd4 7. exd4 e6
8. O-O Bd6 9. h3 Bxf3 10. Bxf3 Nf6 11. c4 $14) 5... Bh5 6. Be2 (6. Bb5 $5 {
/\ g4, Ne5.}) 6... Bxf3 $6 7. Bxf3 e5 8. c4 d4 9. exd4 exd4 10. O-O Bd6 11.
Re1+ (11. d3) 11... Nge7 12. Bxc6+ bxc6 13. d3 O-O 14. Nd2 f5 $1 15. Nf3 Ng6
16. Bc1 $6 (16. b4 $5) 16... Qd7 17. Bd2 h6 18. Re2 Rae8 19. Rxe8 Rxe8 20. Qf1
Bf4 $15 21. g3 Bxd2 22. Nxd2 f4 23. Ne4 fxg3 24. fxg3 {Diagrama #} 24... Ne5 $1
{/\ Rf8, Nf3+} 25. Nxc5 Qe7 26. Ne4 Rf8 (26... Nxd3 27. Qxd3 Qxe4 28. Qxe4 Rxe4
$15) 27. Qe2 Rf3 $1 28. Rd1 Re3 29. Qf1 Nxd3 30. Rxd3 Qxe4 31. Rxe3 $8 Qxe3+
32. Qf2 Qc1+ 33. Qf1 Qc2 (33... Qxf1+ 34. Kxf1 Kf7 (34... c5 35. b4) 35. Ke2
Ke6 $11) 34. Qe1 Kh7 (34... d3 $4 35. Qe8+ Kh7 36. Qe4+ Kg8 37. Qe8+ $11) 35.
Qf2 Qe4 $1 36. Qd2 c5 37. Kf2 Kg6 $17 38. Qe2 $4 (38. a3) 38... Qxe2+ 39. Kxe2
a5 40. Kf3 Kf5 41. g4+ (41. h4 h5) 41... Ke5 42. h4 g6 $19 43. h5 (43. a3 h5
44. g5 Kf5) 43... gxh5 44. gxh5 Kf5 45. a3 Ke5 46. Ke2 (46. Kg4 d3 47. Kf3 Kd4)
46... Ke4 47. Kd2 d3 48. b4 cxb4 49. axb4 a4 50. c5 a3 51. c6 a2 52. c7 a1=Q
53. c8=Q Qb2+ (53... Qb2+ 54. Kd1 Qe2+ 55. Kc1 d2+) 0-1

[Event "WORLD YOUTH CHAMPIONSHIP Under 14"]
[Site "Limra Hotel  -  Kemer/Antalya"]
[Date "2007.11.18"]
[Round "1.21"]
[White "Perez Ponsa, Federico"]
[Black "Shetty, Pranav"]
[Result "1-0"]
[WhiteElo "2232"]
[BlackElo "1887"]
[Annotator "de Dovitiis Alejo"]
[PlyCount "49"]
[EventDate "2007.11.18"]

1. e4 c5 2. Nf3 d6 3. d4 cxd4 4. Nxd4 Nf6 5. Nc3 a6 6. Bg5 e6 7. f4 Nc6 8. Nxc6
bxc6 9. e5 h6 10. Bh4 g5 11. fxg5 Nd5 12. Nxd5 (12. Ne4 Qb6 13. Bd3 hxg5 14.
Bxg5 dxe5 15. Nf6+ Nxf6 16. Bxf6 Rh6 17. Bxe5 Qa5+ 18. Bc3 Bb4 19. Bxb4 Qxb4+
20. Qd2 Rb8 21. Qxb4 Rxb4 22. O-O-O c5 23. h3 Bb7 24. Rd2 Rg4 25. Bf1 Ke7 {
1/2-1/2 Almasi,Z-Leko,P/Budapest 1997}) 12... exd5 13. Qh5 Qb6 14. O-O-O Rb8 $6
(14... Bg7 $142 15. g6 (15. Re1 $5 Bxe5 16. Rxe5+ dxe5 17. g6 Qe3+ 18. Kb1 O-O
19. Bd3 e4 $17) 15... Bxe5 16. gxf7+ Kf8 17. c3 Rb8 $40 {
Pressman - Neveris, Dos Hermanas Internet 2007.}) 15. b3 Bg7 16. g6 Qb4 17.
gxf7+ Kf8 18. Bf6 Qf4+ (18... Bg4 19. Qg6 Qf4+ 20. Rd2 Bxf6 21. exf6 Qg5 22.
Bd3 $18) 19. Kb1 dxe5 20. Bxg7+ Kxg7 21. Rd3 Qf5 $2 (21... Bg4 22. Qh4 (22. Rg3
$4 Qxg3 23. hxg3 Bxh5 $19) 22... Kxf7 $13) 22. Qh4 e4 23. Qe7 $1 Rf8 24. Rg3+
Qg4 25. Be2 1-0